000 00902cam a2200217 4500
001 WB@3612-139
008 040728n2004 000 0 eng u
035 _a(Sirsi) u126966
245 _aEuro property index
260 _c2004
490 _aProperty Week
_v(69) 30, 23 July 2004, 11 (1)
520 _aIPD, which provides the benchmark for property performance, is set to launch its first pan-European property index. The consultation paper has been launched now and can be viewed at: http://www.ipdindex.co.uk/downloads/indices/PanEur o2004.pdf. It will be the first index to measure the combined performance of property investments held in 11 countries across Europe.
590 _aWB
590 _aWB
650 _aPROPERTY PERFORMANCE
650 _aEUROPE
650 _aPROPERTY INDEX
650 _aCROSS-BORDER INVESTMENT
690 _aCOMMERCIAL PROPERTY-INVESTMENT
942 _n0
999 _c117790
_d117790